All this twisted glory / (Record no. 9668)
[ view plain ]
| 000 -LEADER | |
|---|---|
| fixed length control field | 01846nam a22002417a 4500 |
| 001 - CONTROL NUMBER | |
| control field | 9668 |
| 003 - CONTROL NUMBER IDENTIFIER | |
| control field | FISKH |
| 005 - DATE AND TIME OF LATEST TRANSACTION | |
| control field | 20260128154941.0 |
| 008 - FIXED-LENGTH DATA ELEMENTS--GENERAL INFORMATION | |
| fixed length control field | 260128b cb ||||| |||| 00| 0 eng d |
| 020 ## - INTERNATIONAL STANDARD BOOK NUMBER | |
| International Standard Book Number | 9780008625757 |
| 040 ## - CATALOGING SOURCE | |
| Original cataloging agency | FISKH |
| Language of cataloging | eng |
| Transcribing agency | FISKH |
| Modifying agency | FISKH |
| 050 ## - LIBRARY OF CONGRESS CALL NUMBER | |
| Classification number | PZ7 .M2695 |
| 082 ## - DEWEY DECIMAL CLASSIFICATION NUMBER | |
| Classification number | 813.00 |
| 100 ## - MAIN ENTRY--PERSONAL NAME | |
| Personal name | Mafi, Tahereh |
| 245 ## - TITLE STATEMENT | |
| Title | All this twisted glory / |
| Statement of responsibility, etc. | Tahereh Mafi |
| 260 ## - PUBLICATION, DISTRIBUTION, ETC. | |
| Place of publication, distribution, etc. | London : |
| Name of publisher, distributor, etc. | Electric Monkey, |
| Date of publication, distribution, etc. | 2024. |
| 300 ## - PHYSICAL DESCRIPTION | |
| Extent | 397 pages : |
| Dimensions | 20 cm |
| 490 ## - SERIES STATEMENT | |
| Series statement | This Woven Kingdom : |
| Volume/sequential designation | Book three |
| 520 ## - SUMMARY, ETC. | |
| Summary, etc. | As the long-lost heir to the Jinn throne, Alizeh has finally found her people and she might've found her crown. Cyrus, the mercurial ruler of Tulan, has offered her his kingdom in a twisted exchange: one that would begin with their marriage and end with his murder.<br/><br/>Cyrus's dark reputation precedes him; all the world knows of his blood-soaked past. Killing him should be easyand accepting his offer might be the only way to fulfill her destiny and save her people. But the more Alizeh learns of him, the more she questions whether the terrible stories about him are true.<br/><br/>Ensnared by secrets, Cyrus has ached for Alizeh since she first appeared in his dreams many months ago. Now that he knows those visions were planted by the devil, he can hardly bear to look at hermuch less endure her company. But despite their best efforts to despise each other, Alizeh and Cyrus are drawn together over and over with an all-consuming thirst that threatens to destroy them both.<br/><br/>Meanwhile, Prince Kamran has arrived in Tulan, ready to exact revenge...<br/><br/>Layered with exquisite tension and heart-stopping romance, All This Twisted Glory is the explosive third book in the captivating, bestselling Woven Kingdom series. |
| 650 ## - SUBJECT ADDED ENTRY--TOPICAL TERM | |
| Topical term or geographic name entry element | Fantasy |
| Form subdivision | This Woven Kingdom |
| 942 ## - ADDED ENTRY ELEMENTS (KOHA) | |
| Source of classification or shelving scheme | Dewey Decimal Classification |
| Koha item type | Books |
| Suppress in OPAC | No |
| Withdrawn status | Lost status | Source of classification or shelving scheme | Damaged status | Not for loan | Collection | Home library | Current library | Shelving location | Date acquired | Total Checkouts | Full call number | Barcode | Date last seen | Copy number | Price effective from | Koha item type |
|---|---|---|---|---|---|---|---|---|---|---|---|---|---|---|---|---|
| Dewey Decimal Classification | Fiction | Footprints International School Library Network Toul Kork Campus | Footprints International School Library Network Toul Kork Campus | A TK Campus, 4th Floor, Room B401, Fiction Bookcases (1-6) | 01/28/2026 | MAF 813.00 PZ7 .M2695 | 2026-0183 | 01/28/2026 | 1 | 01/28/2026 | Books |
